[Event "Koge Xtracon op"]
[Site "Koge"]
[Date "2015.10.16"]
[Round "5"]
[White "Bojesen, Villads Ussing"]
[Black "Larsen, Ulrik"]
[Result "0-1"]
[WhiteElo "1929"]
[BlackElo "1996"]
[PlyCount "50"]
[EventDate "2015.10.12"]
[EventType "swiss"]
[EventRounds "9"]
[EventCountry "DEN"]
[SourceTitle "CBM 168 Extra"]
[Source "ChessBase"]
[SourceDate "2015.10.29"]
[SourceVersion "1"]
[SourceVersionDate "2015.10.29"]
[SourceQuality "1"]

1. e4 e5 2. Nf3 Nc6 3. Bb5 a6 4. Ba4 Nf6 5. 0-0 Nxe4 6. d4 b5 7. Bb3 d5 8. dxe5 Be6 9. c3 Bc5 10. Nbd2 0-0 11. Bc2 Bf5 12. Nb3 Bxf2+ 13. Rxf2 Nxf2 14. Kxf2 Bxc2 15. Qxc2 f6 16. exf6 Qxf6 17. Qd3 Ne5 18. Qxd5+ Kh8 19. Bg5 Qxg5 20. Qxa8 Qh4+ 21. g3 Qxh2+ 22. Kf1 Qh1+ 23. Kf2 Ng4+ 24. Ke2 Qg2+ 25. Kd3 Rxa8 0-1

[Event "Koge Xtracon op"]
[Site "Koge"]
[Date "2015.10.13"]
[Round "2"]
[White "Bojesen, Villads Ussing"]
[Black "Stage Steffensen, Sander"]
[Result "1-0"]
[WhiteElo "1929"]
[BlackElo "1515"]
[PlyCount "49"]
[EventDate "2015.10.12"]
[EventType "swiss"]
[EventRounds "9"]
[EventCountry "DEN"]
[SourceTitle "CBM 168 Extra"]
[Source "ChessBase"]
[SourceDate "2015.10.29"]
[SourceVersion "1"]
[SourceVersionDate "2015.10.29"]
[SourceQuality "1"]

1. e4 d6 2. d4 Nf6 3. Nc3 e5 4. Nf3 Nbd7 5. Bc4 Be7 6. 0-0 h6 7. Re1 c6 8. a4 Qc7 9. b3 g5 10. Ba3 g4 11. dxe5 dxe5 12. Bxe7 Kxe7 13. Nh4 Nf8 14. Qe2 Nh5 15. Nf5+ Bxf5 16. exf5 Nd7 17. Qxg4 Nhf6 18. Qe2 Rhg8 19. f4 Ng4 20. h3 Qb6+ 21. Kh1 Nf2+ 22. Kh2 Qd4 23. Qe3 Kf6 24. fxe5+ Nxe5 25. Qxd4 1-0

[Event "Koge Xtracon op"]
[Site "Koge"]
[Date "2014.10.18"]
[Round "9"]
[White "Hansen, Lars Henrik Bech"]
[Black "Bojesen, Villads Ussing"]
[Result "0-1"]
[WhiteElo "2001"]
[BlackElo "1838"]
[PlyCount "54"]
[EventDate "2014.10.11"]
[EventType "swiss"]
[EventRounds "9"]
[EventCountry "DEN"]
[SourceTitle "EXT 2015"]
[Source "ChessBase"]
[SourceDate "2014.11.20"]
[SourceVersion "1"]
[SourceVersionDate "2014.11.20"]
[SourceQuality "1"]

1. e4 e5 2. Nf3 Nc6 3. d4 exd4 4. Bc4 Bc5 5. c3 Nf6 6. e5 d5 7. Bb5 Ne4 8. Nxd4 0-0 9. Bxc6 bxc6 10. 0-0 f6 11. f3 fxe5 12. fxe4 Rxf1+ 13. Kxf1 exd4 14. cxd4 Qf6+ 15. Kg1 Bxd4+ 16. Kh1 Bg4 17. Qe1 dxe4 18. Nc3 e3 19. h3 Bh5 20. Ne2 Qf2 21. Qxf2 exf2 22. Ng3 Be2 23. Bd2 Rf8 24. Nf1 Bxb2 25. Rb1 Bd3 26. Rxb2 Bxf1 27. Be3 Bxg2+ 0-1

[Event "Koge Xtracon op"]
[Site "Koge"]
[Date "2014.10.14"]
[Round "5"]
[White "Andersen, Morten"]
[Black "Bojesen, Villads Ussing"]
[Result "1-0"]
[WhiteElo "2115"]
[BlackElo "1838"]
[PlyCount "77"]
[EventDate "2014.10.11"]
[EventType "swiss"]
[EventRounds "9"]
[EventCountry "DEN"]
[SourceTitle "EXT 2015"]
[Source "ChessBase"]
[SourceDate "2014.11.20"]
[SourceVersion "1"]
[SourceVersionDate "2014.11.20"]
[SourceQuality "1"]

1. d4 Nf6 2. c4 Nc6 3. Nf3 e6 4. a3 d6 5. g3 g6 6. b4 Bg7 7. Bb2 0-0 8. Bg2 Qe7 9. 0-0 e5 10. b5 Nxd4 11. Nxd4 exd4 12. Bxd4 Nd7 13. Bxg7 Kxg7 14. Nc3 Nf6 15. Qd4 Kg8 16. e3 Qe5 17. Rfd1 Bg4 18. Rd2 Qxd4 19. Rxd4 Rab8 20. Rc1 Bd7 21. a4 Be6 22. Nd5 Bxd5 23. cxd5 Ne8 24. Bh3 Rd8 25. a5 b6 26. e4 Kg7 27. Ra4 h5 28. f3 f5 29. exf5 gxf5 30. axb6 axb6 31. Re1 Rd7 32. Ra8 Nf6 33. Rxf8 Kxf8 34. Bxf5 Re7 35. Rxe7 Kxe7 36. Be4 Kf7 37. Kf2 Kg7 38. Ke3 h4 39. Kf4 1-0

[Event "Koge Xtracon op"]
[Site "Koge"]
[Date "2014.10.13"]
[Round "4"]
[White "Bojesen, Villads Ussing"]
[Black "Henriksen, Kasper"]
[Result "1-0"]
[WhiteElo "1838"]
[BlackElo "2055"]
[PlyCount "65"]
[EventDate "2014.10.11"]
[EventType "swiss"]
[EventRounds "9"]
[EventCountry "DEN"]
[SourceTitle "EXT 2015"]
[Source "ChessBase"]
[SourceDate "2014.11.20"]
[SourceVersion "1"]
[SourceVersionDate "2014.11.20"]
[SourceQuality "1"]

1. e4 c5 2. d4 cxd4 3. c3 dxc3 4. Nxc3 Nc6 5. Nf3 d6 6. Bc4 a6 7. 0-0 Nf6 8. Qe2 Bg4 9. Rd1 e6 10. h3 Bxf3 11. Qxf3 Be7 12. Bf4 Qb8 13. a4 0-0 14. Rac1 Rd8 15. g4 Nb4 16. g5 Nd7 17. Qg3 Nf8 18. h4 Qc7 19. Be2 Qb6 20. h5 d5 21. Bc7 Qa7 22. Bxd8 Rxd8 23. e5 Nd7 24. g6 Qb8 25. gxf7+ Kxf7 26. f4 Nc5 27. Bg4 d4 28. Nb1 d3 29. Rc4 a5 30. f5 Rd5 31. fxe6+ Kg8 32. Qf3 Qf8 33. Rxb4 1-0